Direct adhesion between rubbers and nickel plantings during curing using triazine thiols system (Record no. 57218)

MARC details
000 -LEADER
fixed length control field 00571nam a2200169Ia 4500
100 ## - MAIN ENTRY--AUTHOR NAME
Personal name Hirahara H
245 #0 - TITLE STATEMENT
Title Direct adhesion between rubbers and nickel plantings during curing using triazine thiols system
260 ## - PUBLICATION, DISTRIBUTION, ETC. (IMPRINT)
Name of publisher International Rubber Conference 1997. Rubber Science and Technology: Improving Quality of Life, Kuala Lumpur, Malaysia 6-9 Oct 1997; p1037-1040
650 ## - SUBJECT ADDED ENTRY--TOPICAL TERM
Topical Term Adhesion
650 ## - SUBJECT ADDED ENTRY--TOPICAL TERM
Topical Term Curing
700 ## - ADDED ENTRY--PERSONAL NAME
Personal name Mori K
700 ## - ADDED ENTRY--PERSONAL NAME
Personal name Omura S H
700 ## - ADDED ENTRY--PERSONAL NAME
Personal name Oshi Y
700 ## - ADDED ENTRY--PERSONAL NAME
Personal name Sasaki Y
942 ## - ADDED ENTRY ELEMENTS (KOHA)
Koha item type Journals
Holdings
Withdrawn status Lost status Damaged status Not for loan Home library Current library Shelving location Date acquired Koha item type
      Journals RRII Library RRII Library Rubber chemistry 17/12/2021 Journals